000 00657nam a2200241Ia 4500
003 OSt
005 20220918222458.0
006 a|||||r|||| 00| 0
007 ta
008 220917b |||||||| |||| 00| 0 eng d
024 _a217,026
037 _cTextual
040 _aARTS
_cARTS
_beng
041 _2eng
_aeng
082 _a#:(R2), N4;P0-;1
100 _aHollis Martin
_992126
245 0 _aPhilosophy of social science
_b an introduction
260 _aNew Delhi
_bFoundation books
_c2000
300 _ax, 268p
_ccm.
650 _aSOCIAL SCIENCES
942 _h#:(R2), N4;P0-;1
_cTEXL
_2CC
999 _c275650
_d275650